| 000 | 00341nam a2200121Ia 4500 | ||
|---|---|---|---|
| 008 | 231019s9999 xx 000 0 und d | ||
| 082 |
_a658.1511 _bTUT-C |
||
| 100 | _aTutors-Virtual University | ||
| 245 | 0 | _aCost & Management Accounting .MGT-402 | |
| 260 |
_aLahore, Pakistan _bVirtual University _c2016 |
||
| 650 | _aManagement | ||
| 999 |
_c34516 _d34516 |
||